000 00606nam a2200217Ii 4500
003 JO-AjNU
008 230606s9999||||xx |||||||||||||| ||und||
020 _a978-93-7473-504-6
040 _aJO-AjNU
_beng
_erda
_cJO-AjNU
041 _aeng
050 1 4 _aQA248.2013
100 3 _aVerma,k/Kimar,Deepak,
_eauthor
_93853
245 0 4 _aThe elements of Set Theory
250 _a2 ed
264 3 1 _aindia:Aitbs oublishers,2013
300 _a270p
336 _atext
_btxt
_2rdacontent
337 _aunmediated
_bn
_2rdamedia
338 _avolume
_bnc
_2rdacarrier
650 4 _aThe elements of Set Theory
_93854
999 _aE2010
_c2009
_d2009